| 000 | 00495cam a2200193ua 4500 | ||
|---|---|---|---|
| 020 | _c72.00 | ||
| 041 |
_aeng _h |
||
| 082 |
_a546.68 _bSNE/CO |
||
| 100 | _aSneed, Cannon M . | ||
| 245 |
_aComprehensive inorganic chemistry, Vol 7 / _cCannon M Sneed. _hTextual Documents |
||
| 250 |
_a1 / _b. |
||
| 260 |
_aNew Jersy : _bD.Van Nostrand Co. , _c1966. |
||
| 300 | _a302 ; . | ||
| 365 | _a72.00 | ||
| 504 | _a | ||
| 700 | 1 | _aBrasted, Robert C . | |
| 942 | _cBK | ||
| 999 |
_c9541 _d9541 |
||